skbl

Dr Suryya Kumar Bhuyan Library Web-OPAC
ডঃ সূৰ্য্য
কুমাৰ ভূঞা পুথিভঁৰাল ৱেব-অ'পেক

All Research Scholars are advised to clear the annual library fees to continue using Library Resources, Remote Access, Plagiarism Test and Library Clearance.

Cotton University Book Fair 2026

Fundamentals of Chemical Thermodynamics / (Record no. 5309)

MARC details
000 -LEADER
fixed length control field 00711nam a2200241Ia 4500
001 - CONTROL NUMBER
control field 5322
008 - FIXED-LENGTH DATA ELEMENTS--GENERAL INFORMATION
fixed length control field 150219s1987 ii a g b000 u 465 u
082 ## - DEWEY DECIMAL CLASSIFICATION NUMBER
Classification number 541.369
100 ## - MAIN ENTRY--PERSONAL NAME
Personal name Lakhanpal, M.L. .
245 #0 - TITLE STATEMENT
Title Fundamentals of Chemical Thermodynamics /
Statement of responsibility, etc. M.L. Lakhanpal.
Medium Textual Documents
250 ## - EDITION STATEMENT
Edition statement 1st ed. /
260 ## - PUBLICATION, DISTRIBUTION, ETC.
Place of publication, distribution, etc. New Delhi :
Name of publisher, distributor, etc. Tata Mcgraw-Hill Publishing Company Ltd ,
Date of publication, distribution, etc. 1987.
300 ## - PHYSICAL DESCRIPTION
Extent xii, 333p. :
Other physical details ill. ;
Dimensions 23cm .
504 ## - BIBLIOGRAPHY, ETC. NOTE
Bibliography, etc. note Bib, Index
653 ## - INDEX TERM--UNCONTROLLED
Uncontrolled term Chemistry
653 ## - INDEX TERM--UNCONTROLLED
Uncontrolled term Thermodynamics
653 ## - INDEX TERM--UNCONTROLLED
Uncontrolled term Physical Chemistry
653 ## - INDEX TERM--UNCONTROLLED
Uncontrolled term PG-Chemistry
653 ## - INDEX TERM--UNCONTROLLED
Uncontrolled term G-Chemistry
653 ## - INDEX TERM--UNCONTROLLED
Uncontrolled term G -Che
856 ## - ELECTRONIC LOCATION AND ACCESS
Uniform Resource Identifier <a href="Acc No 85791 Shifted From PG Sec to General Sec">Acc No 85791 Shifted From PG Sec to General Sec</a>
942 ## - ADDED ENTRY ELEMENTS (KOHA)
Source of classification or shelving scheme Dewey Decimal Classification
Koha item type Books
Holdings
Withdrawn status Lost status Damaged status Not for loan Home library Current library Shelving location Date acquired Coded location qualifier Total checkouts Full call number Barcode Date last seen Copy number Price effective from Koha item type
        Dr. Suryya Kumar Bhuyan Library Dr. Suryya Kumar Bhuyan Library   01/02/2012 00000   541.369 L 149 Fu 85791 13/01/2024 1 01/02/2012 Books
        Dr. Suryya Kumar Bhuyan Library Dr. Suryya Kumar Bhuyan Library   01/02/2012 00000   541.369 L 149 Fu 83986 13/01/2024 3 01/02/2012 Books
        Dr. Suryya Kumar Bhuyan Library Dr. Suryya Kumar Bhuyan Library   01/02/2012 00000   541.369 L 149 Fu 83988 13/01/2024 4 01/02/2012 Books
        Dr. Suryya Kumar Bhuyan Library Dr. Suryya Kumar Bhuyan Library   01/02/2012 00000   541.369 L 149 Fu 85790 13/01/2024 2 01/02/2012 Books

Designed and Maintained by Team SKBL
©1901-2026

Powered by Koha